000 00727nam a2200241 i 4500
001 C2-0302318
003 PPAK
005 20180728083400.0
008 100121s2007 nyua|||| ||||| | eng d
020 _a0393732061
040 _aPPAK
_beng
_cPPAK
_erda
082 0 4 _a711.4092
_223
090 0 0 _a711.4092
_bROB
_dLCK
245 0 0 _aRobert Moses and the modern city:
_bthe transformation of New York
264 1 _aNew York :
_bW.W. Norton & Company ,
_c2007
300 _a336 pages :
_bcolour illustrations ;
_c26 cm.
336 _2rdacontent
_atext
337 _2rdamedia
_aunmediated
338 _2rdacarrier
_avolume
650 1 0 _aCity planners-New York-History
700 1 _aBallon, Hilary,
_eeditor
942 _ddc
_cB
999 _c105983
_d105983